000 00560 a2200205 4500
003 43697
005 20251013154416.0
008 251013b |||||||| |||| 00| 0 eng d
022 _a2343-4323
040 _cNile University of Nigeria, Abuja.
_erda
050 _a K 60 . N5
082 _a K 60 . N5
245 _aNIALS INTERNATIONAL JOURNAL OF LEGISLATIVE DRAFTING
260 _aAbuja
_bNials Press
_c2012
264 _aAbuja
_bNials Press
_c2012
300 _bxiii,193 pg., 30 cm
336 _2rdacontent
338 _2rdacarrier
942 _2lcc
_cSERIAL
999 _c43746
_d43746